| 000 | 00431nam a2200181Ia 4500 | ||
|---|---|---|---|
| 008 | 170705s9999 xx 000 0 und d | ||
| 020 | _a9780531186145 | ||
| 245 | 2 | _aA look at rocks : | |
| 245 | _bfrom coal to kimberlite / | ||
| 245 | _cJo S. Kittinger. | ||
| 260 | _aNew York : | ||
| 260 | _bScholastic, | ||
| 260 | _c1997 | ||
| 300 | _a63 pages : | ||
| 300 | _bcolor illustration ; | ||
| 300 | _c22cm. | ||
| 500 | _a920 | ||
| 999 |
_c336725 _d336725 |
||